Word Ladder: Be On This Or Expect To Get This Quiz Stats

Quiz Updated Dec 14, 2015

Challenge
Share
Tweet
Embed
Score 0/18 Timer 02:00
0 Plays Today
Hint 4-Letter Word % Correct
Da Vinci's MonaLISA
98.3%
Walk with an injured legLIMP
97.9%
The three visually-impaired rodentsMICE
97.8%
1.60934 kmMILE
97.7%
Fine spray or light fogMIST
97.3%
Capital of PeruLIMA
97%
❅ A number of items written consecutively ❅LIST
96.6%
❅ Pleasant; agreeable; satisfactory ❅NICE
95.8%
Olympic vaulter's equipmentPOLE
93.1%
Hint 4-Letter Word % Correct
Public opinion surveyPOLL
93%
Game a.k.a. pocket billiardsPOOL
90.5%
Male fish reproductive fluidMILT
90.5%
Fairly low temperatureCOOL
89.7%
❅ Glob without a definite shape ❅LUMP
86.5%
Mechanical device using suction to move liquidsPUMP
85.9%
❅ Carbonized plant matter used as fuel ❅COAL
85.2%
At graduation with 'Circumstance'POMP
83.3%
Fleshy fruit (such as an apple or pear)POME
78.5%

Today's Daily Dose

Missing Word
1971 Movies A-Z

Word Ladder
Complete Tour

Quick Pick
Logo Colors

On This Day
January 19th

You're not logged in!

Compare scores with friends on all Sporcle quizzes.
Sign Up with Email
OR
Log In

You Might Also Like...

Show Comments

Extras

Top Quizzes Today


Score Distribution

Your Account Isn't Verified!

In order to create a playlist on Sporcle, you need to verify the email address you used during registration. Go to your Sporcle Settings to finish the process.